000 00802nam a2200277 a 4500
001 000110524
003 CHAP
005 20220329144137.0
008 140908s2009 mx | |r| |||||||spa|d
010 _a106986
011 _a107958
020 _a9687871717
040 _cCHAP
082 0 4 _a862
_bP41
100 1 _aPeniche Vallado, Leopoldo
_9128315
245 1 3 _aEl diamante en el yunque /
_cpor Leopoldo Peniche Vallado.
260 _aYucatán, Méx. :
_bInstituto de Cultura de Yucatán
_bConsejo Nacional para la Cultura y las Artes,
_c2009.
300 _a138 p.
590 _aE792CSJ
_b05
_c20140908
_lUCH01
_h1025
650 1 4 _aLiteratura mexicana.
_967138
650 1 4 _aTeatro mexicano.
_9111866
650 1 4 _aTeatro
_xMéxico.
_9111861
901 _aBK
942 _cLIBRO
942 _n0
999 _c106986
_d106986